000 00444 a2200145 4500
020 _a 0965057497
040 _aDLC
_bDLC
082 _a823.8
100 _aDickens, Charles.
245 _aA tale of two cities
_cCharles Dickens
260 _aNew York :
_bBook of the month inc,
_c1998.
300 _axiv, 437 p. :
_bill ,
_c25 cm.
650 _aFrance --History --Revolution, 1789-1799 --Literature and the revolution.
942 _cBK
_k823.8 DIC
_2ddc
999 _c5264
_d5264